MARC Record
Leader
003
BE-GnUNI
007
't'u
035
a| (MSK)314000881
084
a| II.F.237
245
0
0
a| Impressions :
b| Lettre d'information des Éditions de la Réunion des musées nationaux.
260
a| Paris :
b| Éditions de la Réunion des musées nationaux.
546
a| Frans
500
a| Tijdschriften
852
4
b| MSK
c| MSK
j| II.F.237
920
a| tijdschrift
001
000045022
005
20241224121706.0